000 00218nam a2200109Ia 4500
100 _aMARSDEN
942 _cBK
245 _aORGANISATIONAL MANAGEMENT & DEVELOPMENT
260 _b#N/A
546 _aENGLISH
999 _c22664
_d22664